| 000 | 00705nam a22001937a 4500 | ||
|---|---|---|---|
| 005 | 20251108164225.0 | ||
| 008 | 250721s1998 xx 000 0 ara d | ||
| 082 | 1 | 4 | _a338.9/بار |
| 100 | 1 | _aبارو، روبرت جي | |
| 245 | 1 | 0 |
_aالأسواق و الخيارات في المجتمع الحر : _bالفهم الصائب للأمور / |
| 264 | 1 |
_aعمان : _bدار الكتاب الحديث للنشر و التوزيع، _c1998. |
|
| 300 | _a161ص | ||
| 650 | 1 | 7 | _aالسياسة الإقتصادية |
| 650 | 1 | 7 | _aالتخطيط الإقتصادي |
| 650 | 1 | 7 | _aالسياسة المالية |
| 700 | 1 |
_aالتل، نادر إدريس _eترجمة |
|
| 942 |
_2ddc _cBK |
||
| 999 |
_c6789 _d6789 |
||